[Event "EU-ch Cities&Town op"]
[Site "Tornelo INT"]
[Date "2023.01.29"]
[Round "?"]
[White "Verdier, Patrice"]
[Black "Alvarez Guerrero, Dylan"]
[Result "1-0"]
[WhiteElo "1996"]
[BlackElo "1162"]
[PlyCount "55"]
[EventDate "2023.01.29"]
[EventType "team-swiss"]
[EventRounds "9"]
[EventCountry "NET"]
[SourceTitle "CBM 212 Extra"]
[Source "ChessBase"]
[SourceDate "2023.03.31"]
[SourceVersion "1"]
[SourceVersionDate "2023.03.31"]
[SourceQuality "1"]
[WhiteTeam "Monte Carlo"]
[BlackTeam "Madrid Collado Villalba"]
[WhiteTeamCountry "MNC"]
[BlackTeamCountry "ESP"]

1. d4 d5 2. c4 Nf6 3. cxd5 Qxd5 4. Nc3 Qd8 5. e4 g6 6. Bc4 Bg7 7. e5 Nfd7 8. Nf3 h6 9. e6 fxe6 10. Bxe6 Nf6 11. Bb3 Bf5 12. Nh4 Nc6 13. Nxf5 gxf5 14. Be3 Qd7 15. 0-0 0-0-0 16. d5 Ne5 17. Bxa7 b6 18. Ba4 Qd6 19. Rc1 Nfg4 20. f4 Qc5+ 21. Kh1 Nf2+ 22. Rxf2 Qxf2 23. Nb5 Rd7 24. fxe5 Bxe5 25. d6 Bxd6 26. Qd5 c6 27. Qxc6+ Bc7 28. Qa8# 1-0

[Event "Olympiad-44"]
[Site "Chennai"]
[Date "2022.08.02"]
[Round "5.4"]
[White "Verdier, Patrice"]
[Black "Mcligeyo, Robert Oluka"]
[Result "1-0"]
[WhiteElo "2017"]
[BlackElo "1823"]
[PlyCount "47"]
[EventDate "2022.07.29"]
[EventType "team-swiss"]
[EventRounds "11"]
[EventCountry "IND"]
[SourceTitle "CBM 210"]
[Source "ChessBase"]
[SourceDate "2022.10.31"]
[SourceVersion "1"]
[SourceVersionDate "2022.10.31"]
[SourceQuality "1"]
[WhiteTeam "Monaco"]
[BlackTeam "Kenya"]
[WhiteTeamCountry "MNC"]
[BlackTeamCountry "KEN"]

1. d4 d5 2. c4 e6 3. Nc3 a6 4. Nf3 dxc4 5. a4 Nc6 6. e3 Na5 7. Nd2 Nf6 8. Nxc4 c5 9. Nxa5 Qxa5 10. dxc5 Bxc5 11. Bd3 Bb4 12. 0-0 Bxc3 13. bxc3 Qxc3 14. Ba3 Bd7 15. Qb1 Bc6 16. Rc1 Qa5 17. Rxc6 bxc6 18. Qb7 Qd8 19. Qxc6+ Nd7 20. Bxa6 Ra7 21. Rc1 Ra8 22. Qd6 Rb8 23. Bb5 Ra8 24. Rc7 1-0

[Event "Olympiad-44"]
[Site "Chennai"]
[Date "2022.07.31"]
[Round "3.3"]
[White "Verdier, Patrice"]
[Black "Arnold, Smith"]
[Result "1-0"]
[WhiteElo "2017"]
[BlackElo "1931"]
[PlyCount "65"]
[EventDate "2022.07.29"]
[EventType "team-swiss"]
[EventRounds "11"]
[EventCountry "IND"]
[SourceTitle "CBM 210"]
[Source "ChessBase"]
[SourceDate "2022.10.31"]
[SourceVersion "1"]
[SourceVersionDate "2022.10.31"]
[SourceQuality "1"]
[WhiteTeam "Monaco"]
[BlackTeam "Liberia"]
[WhiteTeamCountry "MNC"]
[BlackTeamCountry "LBR"]

1. d4 Nf6 2. c4 e6 3. Nc3 d5 4. cxd5 exd5 5. Bg5 Be7 6. e3 0-0 7. Bd3 h6 8. Bh4 c6 9. Qc2 Nbd7 10. Nge2 Re8 11. 0-0 Nf8 12. f3 a6 13. e4 dxe4 14. fxe4 Ng4 15. Bxe7 Qxe7 16. Rf3 Qh4 17. h3 Nf6 18. Raf1 Be6 19. Qd2 Qg5 20. Qe1 Ng6 21. Rg3 Qh4 22. Nf4 Nh5 23. Nxh5 Qxh5 24. e5 Qh4 25. Ne4 Kh8 26. Qe3 Rad8 27. Nd6 Re7 28. Bxg6 fxg6 29. Rxg6 Bg8 30. Nf5 Qh5 31. Nxe7 Re8 32. g4 Qh4 33. Nf5 1-0

[Event "Monaco Sulava Memorial 1st"]
[Site "Monte Carlo"]
[Date "2019.11.29"]
[Round "5"]
[White "Dervieux, Dominique"]
[Black "Verdier, Patrice"]
[Result "0-1"]
[WhiteElo "1770"]
[BlackElo "2143"]
[PlyCount "52"]
[EventDate "2019.11.29"]
[EventType "swiss"]
[EventRounds "9"]
[EventCountry "MNC"]
[SourceTitle "CBM 193 Extra"]
[Source "ChessBase"]
[SourceDate "2020.01.31"]
[SourceVersion "1"]
[SourceVersionDate "2020.01.31"]
[SourceQuality "1"]

1. d4 Nf6 2. Nc3 c5 3. d5 e6 4. e4 a6 5. Bg5 Qb6 6. Bxf6 gxf6 7. Na4 Qb4+ 8. c3 Qxe4+ 9. Be2 b5 10. Nb6 Bb7 11. f3 Qg6 12. Nxa8 Bxa8 13. dxe6 Qxg2 14. exf7+ Kxf7 15. Qb3+ c4 16. Bxc4+ bxc4 17. Qxc4+ Kg7 18. 0-0-0 Qxh1 19. Qg4+ Kf7 20. Qc4+ Ke8 21. Qc8+ Kf7 22. Qc4+ d5 23. Qc7+ Kg8 24. Nh3 Bh6+ 25. Kc2 Qg2+ 26. Rd2 Qxd2+ 0-1

[Event "Paris BNP-Paribas blitz"]
[Site "Paris"]
[Date "2015.06.13"]
[Round "9"]
[White "Bernard, Serge"]
[Black "Verdier, Patrice"]
[Result "0-1"]
[WhiteElo "2028"]
[BlackElo "2244"]
[PlyCount "44"]
[EventDate "2015.06.12"]
[EventType "swiss (blitz)"]
[EventRounds "15"]
[EventCountry "FRA"]
[SourceTitle "CBM 167 Extra"]
[Source "ChessBase"]
[SourceDate "2015.09.14"]
[SourceVersion "1"]
[SourceVersionDate "2015.09.14"]
[SourceQuality "1"]

1. d4 Nf6 2. Nf3 c5 3. d5 b5 4. Bg5 Qb6 5. e3 Bb7 6. Bxf6 Qxf6 7. Nc3 a6 8. e4 d6 9. Be2 g6 10. 0-0 Bg7 11. Re1 Nd7 12. Bf1 0-0 13. a4 b4 14. Ne2 Qxb2 15. Rb1 Qf6 16. Ng3 Ne5 17. Nd2 a5 18. Nc4 Ba6 19. Nb6 Ra7 20. Ne2 Rb8 21. f4 Ng4 22. Ng3 Qh4 0-1

[Event "FRA-chT2 North 0607"]
[Site "France"]
[Date "2006.10.15"]
[Round "1.2"]
[White "Verdier, Patrice"]
[Black "Spitz, Patrick"]
[Result "1/2-1/2"]
[WhiteElo "2311"]
[BlackElo "2172"]
[PlyCount "89"]
[EventDate "2006.10.15"]
[EventType "team"]
[EventRounds "11"]
[EventCountry "FRA"]
[SourceTitle "EXT 2008"]
[Source "ChessBase"]
[SourceDate "2007.11.25"]
[SourceVersion "1"]
[SourceVersionDate "2007.11.25"]
[SourceQuality "1"]
[WhiteTeam "Noisy le Grand"]
[BlackTeam "Evry Grand Roque III"]
[WhiteTeamCountry "FRA"]
[BlackTeamCountry "FRA"]

1. d4 d5 2. c4 e5 3. dxe5 d4 4. Nf3 Nc6 5. g3 Nge7 6. Bg2 Ng6 7. 0-0 Ngxe5 8. b3 Nxf3+ 9. Bxf3 Be7 10. Bb2 Bf6 11. Nd2 0-0 12. a3 a5 13. Rb1 Re8 14. Ne4 Be5 15. Nc5 Qd6 16. Nd3 Bf5 17. Rc1 Rad8 18. Qd2 Bf6 19. c5 Qe7 20. h4 Qe6 21. b4 axb4 22. axb4 Qb3 23. Qd1 Qxd1 24. Rfxd1 Bxd3 25. Rxd3 Ne5 26. Rd2 Nxf3+ 27. exf3 Rd7 28. Kf1 g6 29. Rd3 Ra8 30. Rcd1 Rad8 31. Ke2 b6 32. cxb6 cxb6 33. Rc1 Be7 34. Rb3 b5 35. Kd3 f5 36. Rc6 Ra8 37. Rb6 Rd5 38. Ra3 Rxa3+ 39. Bxa3 Kf7 40. Rb7 Ke6 41. Rb8 Kf6 42. Rb6+ Kf7 43. Rb7 Ke6 44. Rb8 Kf6 45. Rb6+ 1/2-1/2

[Event "FICGS class M 000002 email"]
[Site "FICGS email"]
[Date "2006.04.10"]
[Round "1"]
[White "Verdier, Patrice"]
[Black "Ingersol, Harry"]
[Result "0-1"]
[WhiteElo "2289"]
[BlackElo "2384"]
[PlyCount "22"]
[EventDate "2006.??.??"]
[EventType "tourn (corr)"]
[EventRounds "6"]
[SourceTitle "Corr 2022"]
[Source "ChessBase"]
[SourceDate "2021.10.24"]
[SourceVersion "1"]
[SourceVersionDate "2021.10.24"]
[SourceQuality "1"]

1. d4 Nf6 2. c4 e6 3. Nf3 d5 4. Bg5 dxc4 5. Qa4+ Nbd7 6. e4 h6 7. Bxf6 Qxf6 8. Qxc4 e5 9. Nc3 c6 10. d5 Be7 11. Be2 Nc5 0-1